000 00769nam a2200253Ia 4500
003 OSt
005 20220923211410.0
006 a|||||r|||| 00| 0
007 ta
008 220922b |||||||| |||| 00| 0 hin d
020 _a9788190592208 (hbk)
024 _a240,627
037 _cTextual
040 _aARTS
_cARTS
_bhin
041 _2hin
_ahin
082 _aO152,3N66x, P9
100 _aजोशी, भोला दत्त
245 0 _aबासठ मोती
246 _aBāsaṭh motī
260 _aनई दिल्ली
_b अतुल्य पब्लिकेशन्स
_c2009
300 _a72पृ.
_ccm.
942 _hO152,3N66x, P9
_cTEXL
_2CC
999 _c299115
_d299115